<?xml version="1.0" encoding="UTF-8"?>
<record
    xmlns:xsi="http://www.w3.org/2001/XMLSchema-instance"
    xsi:schemaLocation="http://www.loc.gov/MARC21/slim http://www.loc.gov/standards/marcxml/schema/MARC21slim.xsd"
    xmlns="http://www.loc.gov/MARC21/slim">

  <leader>00486nam a22001457a 4500</leader>
  <controlfield tag="005">20250327113612.0</controlfield>
  <controlfield tag="008">250327b        |||||||| |||| 00| 0 eng d</controlfield>
  <datafield tag="041" ind1=" " ind2=" ">
    <subfield code="a">ENG</subfield>
  </datafield>
  <datafield tag="082" ind1=" " ind2=" ">
    <subfield code="a">GAD</subfield>
  </datafield>
  <datafield tag="100" ind1=" " ind2=" ">
    <subfield code="a">Vaishnavi Gade- 2k231085 &amp; Dr. Pranita Sonar- Guide</subfield>
    <subfield code="9">211751</subfield>
  </datafield>
  <datafield tag="245" ind1=" " ind2=" ">
    <subfield code="a">An Analysis of the Perception of Candidates Towards Recruitment and Selection Process at Redient security IT Services and consultancy</subfield>
  </datafield>
  <datafield tag="260" ind1=" " ind2=" ">
    <subfield code="a">Pune </subfield>
    <subfield code="b">SPPU</subfield>
    <subfield code="c">December 2024</subfield>
  </datafield>
  <datafield tag="300" ind1=" " ind2=" ">
    <subfield code="a">68</subfield>
  </datafield>
  <datafield tag="942" ind1=" " ind2=" ">
    <subfield code="c">PR</subfield>
  </datafield>
  <datafield tag="999" ind1=" " ind2=" ">
    <subfield code="c">365784</subfield>
    <subfield code="d">365784</subfield>
  </datafield>
  <datafield tag="952" ind1=" " ind2=" ">
    <subfield code="0">0</subfield>
    <subfield code="1">0</subfield>
    <subfield code="2">ddc</subfield>
    <subfield code="4">0</subfield>
    <subfield code="7">1</subfield>
    <subfield code="a">HIMR</subfield>
    <subfield code="b">HIMR</subfield>
    <subfield code="d">2025-03-27</subfield>
    <subfield code="e">HNIMR</subfield>
    <subfield code="l">0</subfield>
    <subfield code="o">GAD</subfield>
    <subfield code="p">HIMR-PR-831</subfield>
    <subfield code="r">2025-03-27 00:00:00</subfield>
    <subfield code="w">2025-03-27</subfield>
    <subfield code="y">PR</subfield>
    <subfield code="z">PR0831</subfield>
  </datafield>
</record>
